Hồ Chí Minh lẩy kiều
Hồ Chí Minh "lẩy kiều" khi viết văn, khi làm thơ, khi nói chuyện và cả khi đón tiếp khách quốc tế. Cách "lẩy Kiều" của Hồ Chí Minh độc đáo, sáng tạo. Khi thì Người lấy nguyên cả câu lục bát, khi thì ghép một câu lục với mo...
Na minha lista:
| Autor principal: | |
|---|---|
| Formato: | Livro |
| Idioma: | Undetermined |
| Publicado em: |
Hà Nội
Thanh niên
2010
|
| Assuntos: | |
| Tags: |
Adicionar Tag
Sem tags, seja o primeiro a adicionar uma tag!
|
| Thư viện lưu trữ: | Trung tâm Học liệu Trường Đại học Cần Thơ |
|---|
| LEADER | 01673nam a2200217Ia 4500 | ||
|---|---|---|---|
| 001 | CTU_154829 | ||
| 008 | 210402s9999 xx 000 0 und d | ||
| 020 | |c 46000 | ||
| 082 | |a 895.922134 | ||
| 082 | |b H513 | ||
| 100 | |a Nguyễn, Đức Hùng | ||
| 245 | 0 | |a Hồ Chí Minh lẩy kiều | |
| 245 | 0 | |c Nguyễn Đức Hùng | |
| 260 | |a Hà Nội | ||
| 260 | |b Thanh niên | ||
| 260 | |c 2010 | ||
| 520 | |a Hồ Chí Minh "lẩy kiều" khi viết văn, khi làm thơ, khi nói chuyện và cả khi đón tiếp khách quốc tế. Cách "lẩy Kiều" của Hồ Chí Minh độc đáo, sáng tạo. Khi thì Người lấy nguyên cả câu lục bát, khi thì ghép một câu lục với một câu bát không gần nhau trong Truyện Kiều, khi thì lấy một cụm từ hoặc thay đổi một, hai từ trong một câu Kiều, có khi chỉ lấy vần điệu, ý thơ, tứ thơ... của câu Kiều, để diển tả tư tưởng tình cảm của mình. Cuốn sách giới thiệu những trường hợp "lẩy Kiều" của Hồ Chí Minh được lựa chọn, sắp xếp từ các bài nói, bài viết, từ văn, thơ của Hồ Chí Minh, theo thứ tự thời gian từ năm 1920 đến năm 1969. | ||
| 650 | |a Vietnamese literature,Vietnamese poetry,Văn học Việt Nam,Thơ Việt Nam | ||
| 650 | |y 20th century,20th century,Thế kỷ 20,Thế kỷ 20 | ||
| 904 | |i Năm | ||
| 980 | |a Trung tâm Học liệu Trường Đại học Cần Thơ | ||